000
00330 a2200109 4500
001
ART_25833
005
20260410161602.0
008
260409a
245
1
0
_a
Contabilidad y libertad cultural
100
1
_a
García Casella, Carlos Luis
773
0
_t
Profesional & Empresaria
_g
- Año VI, Nº 70 (jul. 2005)
_w
REV70
999
_c
9793
_d
9793